Physical Principles of Food Preservation

Guardado en:
Detalles Bibliográficos
Autor principal: Karel, Marcus (Autor)
Otros Autores: Lund, Daryl B.
Formato: Desconocido
Lenguaje:inglés
Publicado: Boca Raton, Florida, USA. Taylor & Francis, 2003
Edición:Second Edition.
Materias:
Acceso en línea:Disponible Online
Etiquetas: Agregar Etiqueta
Sin Etiquetas, Sea el primero en etiquetar este registro!

MARC

LEADER 00000 a2200000 4500
003 CL-VaPUC
005 20220310104323.0
008 201117b2003 ||||| |||| 00| 0 eng d
999 |c 431814  |d 431812 
020 |a ISBN 9780824740634 
040 |c Pontificia Universidad Católica de Valparaíso 
082 |a 664.028 KAR 2003  |2 22 
100 |a Karel, Marcus  |e author  |9 483645 
245 |a Physical Principles of Food Preservation 
250 |a Second Edition.  |b Revised and expanded 
260 |a Boca Raton, Florida, USA.  |b Taylor & Francis,  |c 2003 
300 |a 603 páginas  
583 |k Cristina Rojas  |c 20201117 
650 |a Alimentos   |x Conservación   |9 858272 
700 |a Lund, Daryl B.   |9 858273 
856 |u http://bibliografiadigital.pucv.cl/index.php/bibliotecapucv/catalog/book/897  |y Disponible Online  
942 |2 ddc  |c BK 
952 |0 0  |1 0  |2 ddc  |4 0  |6 664_028000000000000_KAR_2003  |7 0  |9 576926  |a BIBING  |b BIBING  |d 2020-11-17  |e 3  |g 329736.00  |i 5577705  |o 664.028 KAR 2003  |p 5577705  |r 2025-01-20  |t 2  |v 329736.00  |w 2020-11-17  |y BK  |k EIB 
952 |0 0  |1 0  |2 ddc  |4 0  |6 664_028000000000000_KAR_2003  |7 0  |9 576927  |a BIBING  |b BIBING  |d 2020-11-17  |e 3  |g 329736.00  |i 5577691  |o 664.028 KAR 2003  |p 5577691  |r 2025-01-20  |t 1  |v 329736.00  |w 2020-11-17  |y BK  |k EIB